000 00671nam a2200229Ia 4500
003 OSt
005 20220925174153.0
006 a|||||r|||| 00| 0
007 ta
008 220923b |||||||| |||| 00| 0 eng d
037 _cGeneral Book
040 _aRTL
_cRTL
_beng
041 _2eng
_aeng
082 _aX81.2.N4<N39r, H0
110 _aHINDUSTAN CO-OPERATIVE INSURANCE SOCIETY LIMITED
_9246101
245 0 _aAnnual report,1939.
260 _aCalcutta
_bHCISL
_c1940
300 _a14p.
_ccm.
700 _aHINDUSTAN CO-OPERATIVE INSURANCE SOCIETY LIMITED
_9246102
942 _hX81.2.N4<N39r, H0
_cGB
_2CC
999 _c490203
_d490203